Central Library OPAC University of Rajshahi

Enterprise size, financing patterns, and credit constraints in Brazil : (Record no. 61354)

MARC details
000 -LEADER
fixed length control field 01122nam a2200313 a 4500
001 - CONTROL NUMBER
control field 61354
003 - CONTROL NUMBER IDENTIFIER
rucl marc code BD-RjUL
005 - DATE AND TIME OF LATEST TRANSACTION
control field 20211209080942.0
008 - FIXED-LENGTH DATA ELEMENTS--GENERAL INFORMATION
fixed length control field 170117s2005 dcua bs i000 0 eng
020 ## - INTERNATIONAL STANDARD BOOK NUMBER
Canceled/invalid ISBN 9870821362190
International Standard Book Number 0821361295
International Standard Book Number 0821361309
035 ## - SYSTEM CONTROL NUMBER
System control number (BD-RjUL)61478
040 ## - CATALOGING SOURCE
Original cataloging agency DLC
Transcribing agency DLC
Modifying agency DLC
-- BD-RjUL
Language of cataloging eng
041 ## - LANGUAGE CODE
Language code of text/sound track or separate title eng
082 00 - DEWEY DECIMAL CLASSIFICATION NUMBER
Edition number 23
Classification number 338.640981
Author mark and year KUE 2005
100 1# - MAIN ENTRY--PERSONAL NAME
Personal name Kumar, Anjali.
9 (RLIN) 182954
245 10 - TITLE STATEMENT
Title Enterprise size, financing patterns, and credit constraints in Brazil :
Remainder of title analysis of data from the investment climate assessment survey /
Statement of responsibility, etc. Anjali Kumar, Manuela Francisco.
260 ## - PUBLICATION, DISTRIBUTION, ETC. (IMPRINT)
Place of publication, distribution, etc. Washington :
Name of publisher, distributor, etc. World Bank,
Date of publication, distribution, etc. c2005.
300 ## - PHYSICAL DESCRIPTION
Pagination v, 62 p. :
Illustrations ill. ;
Size 26 cm.
504 ## - BIBLIOGRAPHY, ETC. NOTE
Bibliography, etc Includes bibliographical references (p. 57-62).
650 #0 - SUBJECT ADDED ENTRY--TOPICAL TERM
Topical term or geographic name as entry element Business enterprises
General subdivision Size
Geographic subdivision Brazil.
9 (RLIN) 182956
Topical term or geographic name as entry element Business enterprises
Geographic subdivision Brazil
General subdivision Finance.
9 (RLIN) 182957
700 1# - ADDED ENTRY--PERSONAL NAME
Personal name Francisco, Manuela.
710 2# - ADDED ENTRY--CORPORATE NAME
Corporate name or jurisdiction name as entry element World Bank.
9 (RLIN) 171728
830 ## - SERIES ADDED ENTRY--UNIFORM TITLE
Uniform title World Bank working paper,
Volume number/sequential designation no. 49
942 ## - ADDED ENTRY ELEMENTS (KOHA)
Source of classification or shelving scheme Dewey Decimal Classification
Koha item type Books
Holdings
Lost status Source of classification or shelving scheme Damaged status Not for loan Collection code Permanent Location Current Location Shelving location Date acquired Source of acquisition Total Checkouts Full call number Date last seen Copy number Koha item type
  Dewey Decimal Classification   Not For Loan Non-fiction Central Library, University of Rajshahi Central Library, University of Rajshahi Reading Room 21/04/2007 Japan Embassy   338.640981 KUE 2005 17/01/2017 C-1 Books